History Quiz

Random History Quiz

Smartest People Of All Time Quiz Stats

 Plays Quiz not verified by Sporcle

Challenge
Share
Tweet
Embed
Score 0/30 Timer 05:00
0 Plays Today
Year Alive Answer % Correct
1879-1955Albert Einstein
97.4%
1643-1727Sir Isaac Newton
92.1%
1847-1931Thomas Edison
88.6%
1847-1922Alexander Graham Bell
86%
4BC-30ADJesus Christ
85.1%
1812-1870Charles Dickens
85.1%
1809-1882Charles Darwin
83.3%
1867-1934Marie Curie
83.3%
1942-Stephen Hawking
81.6%
1564-1616William Shakespeare
81.6%
???-399BCSocrates
79.8%
???-348BCPlato
79.8%
384BC-322BCAristotle
79.8%
1473-1543Nicolaus Copernicus
79.8%
1452-1519Leonardo Da Vinci
77.2%
Year Alive Answer % Correct
UnknownPythagoras
74.6%
1822-1895Louis Pasteur
71.9%
1749-1832Johann Goethe
63.2%
1564-1642Galileo Galilei
61.4%
1856-1943Nikola Tesla
61.4%
1946-Marilyn vos Savant
55.3%
1831-1879James Clerk Maxwell
52.6%
1975-Terence Tao
51.8%
1960-Rick Rosner
51.8%
1898-1944William James Sidis
50%
1982-Christopher Hirata
49.1%
1954-Philip Emeagwali
49.1%
1976-Judit Polgar
49.1%
1952-Christopher Langan
49.1%
1962-Kim Ung Yong
48.2%

You're not logged in!

Compare scores with friends on all Sporcle quizzes.
OR
Log In

You Might Also Like...

Show Comments

Extras

Created Dec 26, 2016ReportNominate
Tags:alive, All Time, In Order, order, smartest

Top Quizzes Today


Score Distribution

Your Account Isn't Verified!

In order to create a playlist on Sporcle, you need to verify the email address you used during registration. Go to your Sporcle Settings to finish the process.

Report this User

Report this user for behavior that violates our Community Guidelines.

Details: